| 000 | 00504nam a2200181Ia 4500 | ||
|---|---|---|---|
| 005 | 20250508161716.0 | ||
| 008 | 008 250505s9999 xx 000 0 eng d | ||
| 037 | _aTextual | ||
| 040 |
_aFEDL _beng _cFEDL |
||
| 041 |
_aeng _2eng |
||
| 084 |
_a362.41, CAR _qFEDL |
||
| 100 |
_aCarroll Reverend Thomas J. _9771424 |
||
| 245 | 0 | _aBlindness | |
| 260 |
_aBoston, USA _bLittle, Brown and Company _c1961 |
||
| 300 | _axiii,382p. | ||
| 942 |
_cTEXL _h362.41, CAR |
||
| 999 |
_c1371667 _d1371667 |
||